Nuevos caminos de la psiquiatría

Uloženo v:
Podrobná bibliografie
Hlavní autor: Fuente, Ramón de la
Médium: Kniha
Jazyk:španělština
Vydáno: Fondo de Cultura Económica. c1990.
Témata:
Tagy: Přidat tag
Žádné tagy, Buďte první, kdo vytvoří štítek k tomuto záznamu!

MARC

LEADER 00000nam a22000005a 4500
001 5546
003 CL-ChBUA
005 20120815102923.0
008 070301s1990 mx 000 0 spa
020 |a 9681634705 
040 |a CL-ChBUA  |c CL-ChBUA 
082 0 0 |a 616.89 
090 |c 5546  |d 5546 
100 1 |a Fuente, Ramón de la. 
245 1 0 |a Nuevos caminos de la psiquiatría 
260 |b Fondo de Cultura Económica.  |c c1990. 
300 |a 119 p.  |c 20 cm. 
504 |a Indice. 
650 4 |a PSIQUIATRIA. 
942 |c LIB 
952 |0 0  |1 0  |4 0  |7 0  |9 8246  |a UNACH  |b UNACH  |c 600  |d 2007-03-05  |i 31.027.  |l 0  |o 616.89 / F 954.  |p 9245  |r 2026-03-25 21:09:22  |u 8246  |w 2012-08-08  |y LIB  |k 616.89 / F 954. 
999 |c 5546  |d 5546